Southville International School and Colleges
Your cart is empty.
  • Cart
  • Lists
    Public lists Eva Luna New books Lux_list list_1
    Your lists Log in to create your own lists
  • Log in to your account
  • Your cookies
  • Search history
Southville International School and Colleges
  • Advanced search
  • Recent comments
  • Most popular
  • Libraries

Log in to your account

Log in with GOOGLE


If you do not have an external account, but do have a local account, you can still log in:

  1. Home
  2. MARC view: More thinking activities /
Normal view MARC view ISBD view

More thinking activities / (Record no. 105742)

[ view plain ]
MARC details
000 -LEADER
fixed length control field 00542nam a2200181 a 4500
005 - DATE AND TIME OF LATEST TRANSACTION
control field 20140412111413.0
008 - FIXED-LENGTH DATA ELEMENTS--GENERAL INFORMATION
fixed length control field 070716s19uu xx 00 eng d
020 ## - INTERNATIONAL STANDARD BOOK NUMBER
International Standard Book Number 81-7649886-6
050 ## - LIBRARY OF CONGRESS CALL NUMBER
Classification number TR(GS 160.21
Item number B74 2004
100 ## - MAIN ENTRY--PERSONAL NAME
Personal name Bredthauer, Vanessa
245 ## - TITLE STATEMENT
Title More thinking activities /
Statement of responsibility, etc Vanessa Bredthauer.
260 ## - PUBLICATION, DISTRIBUTION, ETC. (IMPRINT)
Place of publication, distribution, etc California :
Name of publisher, distributor, etc Evan Moore corporation,
Date of publication, distribution, etc 2004.
300 ## - PHYSICAL DESCRIPTION
Extent 192
440 ## - SERIES STATEMENT/ADDED ENTRY--TITLE
Title Viva education
650 ## - SUBJECT ADDED ENTRY--TOPICAL TERM
Topical term or geographic name as entry element Critical thinking--Activities
650 ## - SUBJECT ADDED ENTRY--TOPICAL TERM
Topical term or geographic name as entry element Logical thinking-- Juvenile literaure
Holdings
Withdrawn status Lost status Damaged status Home library Current library Shelving location Date acquired Source of acquisition Cost, normal purchase price Total Checkouts Full call number Barcode Date last seen Price effective from Koha item type
      Elizalde Library Elizalde Library Teachers Reference Section 07/16/2007   385.00   TR(GS 160.21 B74 2004 E10585 04/12/2014 04/12/2014 Books

More thinking activities /

APA

Bredthauer V., . (2004). More thinking activities. California: Evan Moore corporation.

Chicago

Bredthauer Vanessa, . 2004. More thinking activities. California: Evan Moore corporation.

Harvard

Bredthauer V., . (2004). More thinking activities. California: Evan Moore corporation.

MLA

Bredthauer Vanessa, . More thinking activities. California: Evan Moore corporation. 2004.

  • Place hold
  • Print
  • Cite
  • Add to your cart (remove)
  • Save record
    BIBTEX Dublin Core MARCXML MARC (non-Unicode/MARC-8) MARC (Unicode/UTF-8) MARC (Unicode/UTF-8, Standard) MODS (XML) RIS
  • More searches
    Search for this title in:
    Other Libraries (WorldCat) Other Databases (Google Scholar) Online Stores (Bookfinder.com) Open Library (openlibrary.org)

Exporting to Dublin Core...

SOUTHVILLE LIBRARY

Southville International School and Colleges Library

1281 Tropical Ave. Cor. Luxembourg St., BF Homes International, Las Pinas City

Tel. No. 8256374 / 252358 Loc. 117/146

Powered by Koha